Statistiques concernant Pays selon la description Wikipédia

Cliquez ici pour prendre le quiz!

Statistiques générales

  • Ce quiz a été pris 23 192 fois
  • Le résultat moyen est 12 sur 16

Statistiques - réponses

DescriptionsPays% Correct
Le [...] forme, depuis 1945, un archipel de 6 852 îles (de plus de 100 m2), dont les quatre plus grandes sont Hokkaidō, Honshū, Shikoku et Kyūshū, représentant à elles seules 95 % de la superficie terrestre du pays. L'archipel s'étend sur plus de trois mille kilomètres. La plupart des îles sont montagneuses, parfois volcaniques.Japon
95%
L'[...] apporte une contribution très importante à la civilisation occidentale : elle est notamment le berceau de la civilisation étrusque, de la Grande-Grèce, de l'Empire romain, du Saint-Siège, des républiques maritimes, de l'humanisme et de la Renaissance.Italie
92%
La [...] comporte quatre régions culturelles et linguistiques et possède donc quatre langues nationales : l'allemand, le français, l'italien et le romanche. Alors que les trois premières langues sont officielles, le romanche ne l'est que partiellement.Suisse
85%
L'[...] fait partie des pays dits du Cône Sud et parmi les pays d'Amérique latine, il est, avec l'Uruguay et le Chili, celui où la culture européenne est la plus affirmée. L'[...] est l'un des pays les plus développés du continent latino-américain.Argentine
84%
Le 1er septembre 1939, à la suite de la signature du Pacte germano-soviétique, son invasion par le Troisième Reich est l'événement déclencheur de la Seconde Guerre mondiale. Deux semaines plus tard, l’allié soviétique de l'Allemagne passe également à l’attaque, prenant ainsi l'armée [...] en tenaille : la défaite est rapide, accompagnée de pertes importantes, de part et d’autre, en dépit de la brièveté de l’affrontement.Pologne
83%
À partir de la fin du xve siècle, des expéditions britanniques et françaises explorent puis colonisent la côte atlantique. À la suite de plusieurs guerres intercoloniales, la France cède au Royaume-Uni la quasi-totalité de ses colonies d'Amérique septentrionale en 1763. À la suite de la guerre d'indépendance des États-Unis en 1783, de nombreux loyalistes américains sont expulsés et migrent vers l'Amérique du Nord britannique, correspondant à l'actuel [...].Canada
82%
Le [...] a des frontières communes avec la Thaïlande à l'ouest-nord-ouest, le Laos au nord-est, et le Viêt Nam à l'est et au sud-est. Les habitants du pays portent le nom de Khmers ou [...]. La majorité des [...] sont de religion bouddhiste theravāda (96 % de la population, religion d'État).Cambodge
80%
L'île a été une colonie espagnole de 1492 à 1898 puis un territoire des États-Unis jusqu'au 20 mai 1902. Depuis la révolution [...] de 1959, le pays se définit comme une république socialiste, bien que Fidel Castro n'officialise le caractère socialiste du régime que le 17 août 1961 à la suite de l'épisode de la Baie des Cochons, dont le Parti communiste de [...], créé en 1965, constitue la « force dirigeante supérieure ».Cuba
80%
Elle est située au bord de la mer Méditerranée, le long de la Côte d'Azur et de la Riviera méditerranéenne, à une vingtaine de kilomètres à l'est de Nice, et à 8,1 km de Menton (ville frontalière avec l'Italie). Elle est entourée par les communes françaises de Cap-d'Ail, Beausoleil, Roquebrune-Cap-Martin et La Turbie.Monaco
78%
[...], en forme longue république de [...], est un État insulaire situé dans l'Océan Indien et géographiquement rattaché au continent africain, dont il est séparé par le canal du Mozambique. C’est la cinquième plus grande île du monde après l'Australie, le Groenland, la Nouvelle-Guinée et BornéoMadagascar
76%
Le [...] est situé dans l’océan Indien, à une trentaine de kilomètres au Sud-Est de l'Inde, les deux pays étant séparés par le détroit de Palk, mais quasiment reliés par le pont d'Adam. Sa superficie est de 65 610 km2. La plus grande partie de l’île est formée de plaines entre 30 et 200 mètres au-dessus du niveau de la mer, avec une petite zone montagneuse centrale, comportant le point culminant : le mont Pidurutalagala, à 2 524 m.Sri Lanka
72%
Comme le Guatemala, le Nicaragua, le Costa Rica et le Panama en Amérique centrale, le [...] dispose de deux façades maritimes. Il est bordé au nord par la mer des Caraïbes, qui compte de nombreuses îles, cayes et îlots, dont les plus importants sont les Islas de la Bahía et les îles du Cygne tandis qu'au sud-ouest, il dispose d'une petite ouverture sur l'océan Pacifique par le golfe de Fonseca.Honduras
67%
Considérée comme l'un des berceaux de l'humanité, l'[...] est, avec le Tchad, le Maroc et le Kenya, l'un des pays où l'on retrouve les plus anciens hominidés. On y a découvert Lucy en 1974 et, en 2003, les plus anciens spécimens d'Homo sapiens.Éthiopie
66%
Les [...] ou les îles [...], en forme longue la république des [...], est un pays d'Océanie situé dans l'Ouest de l'océan Pacifique sud. L'archipel, qui fait partie de la Mélanésie, se trouve à 744 km à l'ouest-nord-ouest des Tonga, à 788 km au sud-ouest de Wallis-et-Futuna et à 1 067 km au sud des Tuvalu.Fidji
63%
Le [...], en forme longue la république du [...], est un pays d'Afrique de l'Ouest bordé au sud-sud-est et à l'ouest-sud-ouest par l'océan Atlantique, au nord-ouest par la Sierra Leone, au nord par la Guinée et à l’est par la Côte d'Ivoire. Première nation d'Afrique à avoir, à l'époque contemporaine, obtenu son indépendance, en 1847, le [...] est présidé depuis le 22 janvier 2018 par George Weah.Liberia
62%
Carrefour de l'Asie, ce pays constituait, dans l'Antiquité, un point de passage important sur la route de la soie et pour les conquérants qui souhaitaient prendre le contrôle de l'Inde : Cyrus le Grand, Alexandre le Grand, Gengis Khan, l'empereur Babur, etc. Cette région est aussi le noyau de vastes empires comme l'Empire bactrien, l'Empire kouchan ou encore l'Empire ghaznévide.Afghanistan
48%

Distribution des résultats

Percentile par nombre de réponses

% des personnes avec chaque résultat

Votre développement - résultats

Vous n’avez pas pris ce quiz